000
00302nam a2200133Ia 4500
041
_a
Kurdish
082
_a
342,024 cut-422 ع
100
_a
20260118u\\\\\\\\\\\y0engy0103\\\\ba
245
0
_a
دەستوورمان چەترمانە
250
_a
چ1
260
_c
2005
300
_a
63
942
_c
Bk
999
_c
188142
_d
188142